000 00471nam a2200181Ia 4500
008 240925s9999 xx 000 0 und d
020 _a9788126520237
082 _a621.395 ROY
100 _aRoy, Kaushik
245 0 _aLow-Power CMOS VLSI Circuit Design
250 _aNA
260 _aNew Delhi:
_bJohn Wiley & Sons
_c,2000.
300 _a397p.
_bNA
_fOriginal
500 _aIncludes Index
600 _aElectronic Engineering
650 _aTechnology
942 _cBK
999 _c13323
_d13323